[Event "Igualada op 15th"]
[Site "Igualada"]
[Date "2020.02.29"]
[Round "8"]
[White "Clotet Torrelles, Ramon"]
[Black "Prat Rabell, Josep M"]
[Result "1-0"]
[WhiteElo "1868"]
[BlackElo "1755"]
[PlyCount "47"]
[EventDate "2020.01.11"]
[EventType "swiss"]
[EventRounds "8"]
[EventCountry "ESP"]
[SourceTitle "CBM 195 Extra"]
[Source "ChessBase"]
[SourceDate "2020.05.31"]
[SourceVersion "1"]
[SourceVersionDate "2020.05.31"]
[SourceQuality "1"]

1. d4 Nf6 2. Nf3 e6 3. c3 d5 4. Bf4 c5 5. e3 Nc6 6. Nbd2 Bd6 7. Bd3 0-0 8. Bg3 cxd4 9. exd4 Re8 10. Ne5 Qc7 11. f4 a6 12. Bh4 Be7 13. 0-0 b5 14. a3 Na5 15. Bxf6 Bxf6 16. Ng4 Be7 17. Ne5 Bf8 18. Rf3 f6 19. Bxh7+ Kxh7 20. Rh3+ Kg8 21. Qh5 fxe5 22. fxe5 g6 23. Qh8+ Kf7 24. Qf6+ 1-0

[Event "Igualada op 15th"]
[Site "Igualada"]
[Date "2020.02.22"]
[Round "7"]
[White "Prat Rabell, Josep M"]
[Black "Clanchet Olle, Josep"]
[Result "1-0"]
[WhiteElo "1755"]
[BlackElo "1676"]
[PlyCount "67"]
[EventDate "2020.01.11"]
[EventType "swiss"]
[EventRounds "8"]
[EventCountry "ESP"]
[SourceTitle "CBM 195 Extra"]
[Source "ChessBase"]
[SourceDate "2020.05.31"]
[SourceVersion "1"]
[SourceVersionDate "2020.05.31"]
[SourceQuality "1"]

1. f4 d5 2. Nf3 Bf5 3. e3 Nf6 4. b3 e6 5. Bb2 c5 6. Bb5+ Nc6 7. Ne5 Qb6 8. Bxc6+ bxc6 9. 0-0 Bd6 10. d3 Bxe5 11. fxe5 Ng4 12. Qf3 c4 13. Bd4 c5 14. e4 dxe4 15. dxe4 Bg6 16. Bb2 Nh6 17. h4 Qc6 18. Nc3 f5 19. exf6 0-0 20. Qg3 Rf7 21. Bc1 Qc7 22. Bf4 Qd7 23. Rad1 Qc6 24. Bxh6 gxh6 25. h5 Qc7 26. Qxc7 Rxc7 27. hxg6 hxg6 28. Nb5 Rc6 29. Rd7 cxb3 30. axb3 c4 31. Nxa7 Ra6 32. Nb5 Rb6 33. bxc4 Rc8 34. Nd6 1-0

[Event "Igualada op 15th"]
[Site "Igualada"]
[Date "2020.01.18"]
[Round "2"]
[White "Sola Sendra, Francesco"]
[Black "Prat Rabell, Josep M"]
[Result "1/2-1/2"]
[WhiteElo "1676"]
[BlackElo "1755"]
[PlyCount "67"]
[EventDate "2020.01.11"]
[EventType "swiss"]
[EventRounds "8"]
[EventCountry "ESP"]
[SourceTitle "CBM 195 Extra"]
[Source "ChessBase"]
[SourceDate "2020.05.31"]
[SourceVersion "1"]
[SourceVersionDate "2020.05.31"]
[SourceQuality "1"]

1. Nf3 d5 2. d4 Nf6 3. c4 e6 4. g3 Be7 5. Bg2 0-0 6. 0-0 dxc4 7. Ne5 c5 8. dxc5 Qc7 9. Nxc4 Qxc5 10. Qb3 Nc6 11. Be3 Qh5 12. f3 Bc5 13. Nba3 Na5 14. Nxa5 Bxe3+ 15. Qxe3 Qxa5 16. Nc4 Qb4 17. Rfc1 Rd8 18. Qc3 Qb5 19. e4 Bd7 20. Bf1 Rac8 21. Qe3 Qc5 22. Qxc5 Rxc5 23. Nd6 Rxc1 24. Rxc1 Bc6 25. Nc4 Bb5 26. Rc2 Ne8 27. Ne3 Bxf1 28. Kxf1 f6 29. Ke2 Kf7 30. Rc3 Ke7 31. h4 g6 32. Ra3 a6 33. Rc3 Nd6 34. Nc2 1/2-1/2

[Event "Igualada op 15th"]
[Site "Igualada"]
[Date "2020.01.11"]
[Round "1"]
[White "Prat Rabell, Josep M"]
[Black "Farell Duran, Josep"]
[Result "1-0"]
[WhiteElo "1755"]
[BlackElo "1431"]
[PlyCount "81"]
[EventDate "2020.01.11"]
[EventType "swiss"]
[EventRounds "8"]
[EventCountry "ESP"]
[SourceTitle "CBM 195 Extra"]
[Source "ChessBase"]
[SourceDate "2020.05.31"]
[SourceVersion "1"]
[SourceVersionDate "2020.05.31"]
[SourceQuality "1"]

1. c4 b6 2. Nc3 Bb7 3. e4 e6 4. Nf3 c5 5. d3 Be7 6. g3 d6 7. Bg2 a6 8. 0-0 Nf6 9. Rb1 0-0 10. Re1 Qc7 11. b3 Nc6 12. d4 cxd4 13. Nxd4 Nxd4 14. Qxd4 Qc6 15. Bb2 Rfd8 16. a4 Ng4 17. Nd5 Bf6 18. Ne7+ Kf8 19. Nxc6 Bxd4 20. Nxd4 Rac8 21. Ba3 g6 22. h3 Ne5 23. f4 Nd3 24. Red1 Nc5 25. Re1 e5 26. Nc2 Nd3 27. Re3 Nc5 28. Nb4 Re8 29. Nd5 Bxd5 30. exd5 f6 31. Bf3 h5 32. fxe5 fxe5 33. Bxc5 bxc5 34. Be4 Kf7 35. a5 Rc7 36. Rf1+ Kg7 37. Ref3 Rb7 38. Bc2 Rbe7 39. R1f2 e4 40. Re3 Rd8 41. Rf4 1-0

[Event "Igualada op 14th"]
[Site "Igualada"]
[Date "2019.02.09"]
[Round "5"]
[White "Prat Rabell, Josep M"]
[Black "Soidan Parcerisas, Manel"]
[Result "0-1"]
[WhiteElo "1820"]
[BlackElo "1880"]
[PlyCount "54"]
[EventDate "2019.01.12"]
[EventType "swiss"]
[EventRounds "8"]
[EventCountry "ESP"]
[SourceTitle "CBM 189 Extra"]
[Source "ChessBase"]
[SourceDate "2019.05.31"]
[SourceVersion "1"]
[SourceVersionDate "2019.05.31"]
[SourceQuality "1"]

1. c4 d5 2. cxd5 Nf6 3. Nc3 Nxd5 4. g3 e5 5. Bg2 Be6 6. e3 Nc6 7. Nge2 Qd7 8. d4 Bb4 9. a3 Ba5 10. 0-0 exd4 11. exd4 0-0-0 12. Be3 Rhe8 13. Ne4 Bb6 14. Bg5 f6 15. Bc1 Bh3 16. N2c3 Bxg2 17. Kxg2 Bxd4 18. Kg1 Nxc3 19. Nxc3 Bxc3 20. Qxd7+ Rxd7 21. bxc3 Rd3 22. Bb2 Re2 23. Rab1 Ne5 24. Kg2 Nc4 25. Ba1 Nxa3 26. Rbd1 Rdd2 27. Rxd2 Rxd2 0-1

[Event "Igualada Anoia op 13th"]
[Site "Igualada"]
[Date "2018.02.10"]
[Round "5"]
[White "Prat Rabell, Josep M"]
[Black "Barnet Pastor, Ricard"]
[Result "1-0"]
[WhiteElo "1866"]
[BlackElo "1563"]
[PlyCount "71"]
[EventDate "2018.01.13"]
[EventType "swiss"]
[EventRounds "8"]
[EventCountry "ESP"]
[SourceTitle "CBM 187 Extra"]
[Source "ChessBase"]
[SourceDate "2018.11.04"]
[SourceVersion "1"]
[SourceVersionDate "2018.11.04"]
[SourceQuality "1"]

1. d4 d5 2. c4 e6 3. Nc3 f5 4. Nf3 c6 5. cxd5 exd5 6. Bf4 Nf6 7. e3 Bd6 8. Bxd6 Qxd6 9. Bd3 0-0 10. Qc2 Ne4 11. Ne5 Nd7 12. f4 Ndf6 13. 0-0-0 Nf2 14. Qxf2 b5 15. h3 a5 16. g4 a4 17. gxf5 b4 18. Nb1 Ne4 19. Qg2 Bxf5 20. Rhg1 Qc7 21. Rd2 Nxd2 22. Qxd2 c5 23. Bxf5 Rxf5 24. Qc2 Rh5 25. Rg3 c4 26. Qg2 Rd8 27. Qc2 Ra8 28. e4 b3 29. axb3 axb3 30. Rxb3 Ra1 31. Rc3 Qb6 32. Qd2 Rh6 33. exd5 Qa5 34. Qg2 Ra6 35. Qe4 Rf6 36. Nd7 1-0

[Event "Igualada Anoia op 13th"]
[Site "Igualada"]
[Date "2018.02.03"]
[Round "4"]
[White "Mateu Vives, Marcel"]
[Black "Prat Rabell, Josep M"]
[Result "1-0"]
[WhiteElo "1630"]
[BlackElo "1866"]
[PlyCount "49"]
[EventDate "2018.01.13"]
[EventType "swiss"]
[EventRounds "8"]
[EventCountry "ESP"]
[SourceTitle "CBM 187 Extra"]
[Source "ChessBase"]
[SourceDate "2018.11.04"]
[SourceVersion "1"]
[SourceVersionDate "2018.11.04"]
[SourceQuality "1"]

1. d4 Nf6 2. Nd2 e6 3. Ngf3 c5 4. c3 Nc6 5. e3 d5 6. g3 cxd4 7. exd4 Bd6 8. Bg2 0-0 9. 0-0 b6 10. Re1 Bb7 11. Ne5 Qc7 12. Ndf3 Rac8 13. Nxc6 Bxc6 14. Ne5 Bb7 15. Bd2 Ne4 16. Rc1 Bxe5 17. Bxe4 dxe4 18. dxe5 Qxe5 19. Bf4 Qb5 20. Qc2 Qd5 21. Be3 Qd3 22. Red1 Qxc2 23. Rxc2 Bd5 24. b3 e5 25. Rxd5 1-0

[Event "Igualada Anoia op 13th"]
[Site "Igualada"]
[Date "2018.01.20"]
[Round "2"]
[White "Zumel Roman, David"]
[Black "Prat Rabell, Josep M"]
[Result "1/2-1/2"]
[WhiteElo "1689"]
[BlackElo "1866"]
[PlyCount "59"]
[EventDate "2018.01.13"]
[EventType "swiss"]
[EventRounds "8"]
[EventCountry "ESP"]
[SourceTitle "CBM 187 Extra"]
[Source "ChessBase"]
[SourceDate "2018.11.04"]
[SourceVersion "1"]
[SourceVersionDate "2018.11.04"]
[SourceQuality "1"]

1. c4 e5 2. Nc3 Nf6 3. g3 Nc6 4. Bg2 g6 5. Nf3 Bg7 6. e4 0-0 7. 0-0 d6 8. h3 Be6 9. d3 Ne8 10. Bg5 f6 11. Be3 f5 12. Qb3 Qc8 13. Ng5 f4 14. Nxe6 Qxe6 15. Qxb7 Rb8 16. Qxc6 fxe3 17. fxe3 Rxb2 18. Rxf8+ Bxf8 19. Nd5 Qc8 20. a4 h5 21. Rf1 Kg7 22. d4 exd4 23. exd4 Rd2 24. e5 Rxd4 25. exd6 Bxd6 26. Kh2 h4 27. Kg1 hxg3 28. Re1 Kf7 29. Rf1+ Kg7 30. Re1 1/2-1/2

[Event "Igualada op 12th"]
[Site "Igualada"]
[Date "2017.02.25"]
[Round "7"]
[White "Prat Rabell, Josep M"]
[Black "Vilella Bertran, Joan"]
[Result "0-1"]
[WhiteElo "1926"]
[BlackElo "1974"]
[PlyCount "96"]
[EventDate "2017.01.14"]
[EventType "swiss"]
[EventRounds "8"]
[EventCountry "ESP"]
[SourceTitle "EXT 2018"]
[Source "ChessBase"]
[SourceDate "2017.10.13"]
[SourceVersion "1"]
[SourceVersionDate "2017.10.13"]
[SourceQuality "1"]

1. Nf3 c5 2. g3 g6 3. Bg2 Bg7 4. c3 Nc6 5. 0-0 e5 6. d3 Nge7 7. Nbd2 0-0 8. c4 d6 9. Nb1 Rb8 10. Nc3 a6 11. a4 Bd7 12. Bd2 Qc8 13. Ne4 Qc7 14. Bc3 b5 15. b3 Rb7 16. Rb1 Rfb8 17. axb5 axb5 18. Ned2 Bf5 19. e4 Bg4 20. h3 Bd7 21. Ne1 Qc8 22. Kh2 Be6 23. Nc2 bxc4 24. dxc4 Nd4 25. Ne3 Nec6 26. Nd5 Qd8 27. f4 exf4 28. Nxf4 Ra7 29. Ne2 Be5 30. Nf3 Nxf3+ 31. Rxf3 Ra2 32. Bxe5 dxe5 33. Rd3 Nd4 34. Nxd4 exd4 35. Kg1 Qa5 36. Bf1 Qb4 37. Rf3 Rba8 38. Rf2 Qc3 39. Rf3 Qb4 40. Rf2 Rxf2 41. Kxf2 Ra2+ 42. Kg1 Qc3 43. Qd3 Qxd3 44. Bxd3 Bxh3 45. b4 cxb4 46. Rxb4 Rg2+ 47. Kh1 Rxg3 48. Bf1 Bxf1 0-1

[Event "Igualada op 11th"]
[Site "Igualada"]
[Date "2016.02.13"]
[Round "5"]
[White "Prat Rabell, Josep M"]
[Black "Clotet Torrelles, Ramon"]
[Result "1/2-1/2"]
[WhiteElo "1895"]
[BlackElo "1964"]
[PlyCount "117"]
[EventDate "2016.01.16"]
[EventType "swiss"]
[EventRounds "8"]
[EventCountry "ESP"]
[SourceTitle "EXT 2017"]
[Source "ChessBase"]
[SourceDate "2016.10.25"]
[SourceVersion "1"]
[SourceVersionDate "2016.10.25"]
[SourceQuality "1"]

1. c4 e5 2. Nc3 d6 3. g3 c6 4. Bg2 Be6 5. d3 Be7 6. Nf3 f5 7. 0-0 h6 8. e4 fxe4 9. Nxe4 Nf6 10. Nh4 g5 11. Ng6 Rg8 12. Nxe7 Qxe7 13. b4 Nxe4 14. Bxe4 d5 15. cxd5 cxd5 16. Bg2 Qxb4 17. Qh5+ Bf7 18. Qxh6 Qb6 19. Bxg5 Qxh6 20. Bxh6 Nc6 21. f4 Rg6 22. Bg5 exf4 23. Rfe1+ Kd7 24. Bxf4 Be6 25. Rab1 b6 26. Rb2 Rc8 27. Rc1 Nd4 28. Rxc8 Kxc8 29. Be3 Nf5 30. Bf2 Ne7 31. d4 Kd7 32. Bf1 Rg8 33. a4 Rc8 34. Bb5+ Kd6 35. Be3 Ng6 36. Bd2 Bf5 37. h4 Bg4 38. Bd3 Ne7 39. Rc2 Rxc2 40. Bxc2 Nc6 41. Bc3 a6 42. Bd3 Bd1 43. Bxa6 Bxa4 44. Bb7 Bd1 45. Kf2 b5 46. Bxc6 Kxc6 47. Bb4 Kd7 48. Ke3 Ke6 49. Kf4 Kf6 50. g4 Be2 51. h5 Bd1 52. Be1 Be2 53. Bd2 Bd1 54. g5+ Ke6 55. g6 Kf6 56. h6 Kxg6 57. Ke5 Bf3 58. Kd6 b4 59. Kc5 1/2-1/2

[Event "Igualada op 11th"]
[Site "Igualada"]
[Date "2016.01.23"]
[Round "2"]
[White "Prat Rabell, Josep M"]
[Black "Montserrat Rubia, Angel"]
[Result "1-0"]
[WhiteElo "1895"]
[BlackElo "1675"]
[PlyCount "79"]
[EventDate "2016.01.16"]
[EventType "swiss"]
[EventRounds "8"]
[EventCountry "ESP"]
[SourceTitle "EXT 2017"]
[Source "ChessBase"]
[SourceDate "2016.10.25"]
[SourceVersion "1"]
[SourceVersionDate "2016.10.25"]
[SourceQuality "1"]

1. d4 d5 2. c4 e6 3. Nf3 Nf6 4. Nc3 Nbd7 5. Bg5 Bb4 6. Rc1 c5 7. e3 Bxc3+ 8. bxc3 Qa5 9. Qb3 Ne4 10. Bf4 g5 11. Be5 f6 12. Bg3 h5 13. h4 Nxg3 14. fxg3 g4 15. Nd2 Nb6 16. Qb5+ Qxb5 17. cxb5 c4 18. Nb1 Bd7 19. Na3 Nc8 20. Be2 Nd6 21. Rb1 Ne4 22. Bd1 Nxc3 23. Rb2 Nxd1 24. Kxd1 Ke7 25. Kd2 Rhc8 26. Nb1 a6 27. b6 Bb5 28. Nc3 Rc6 29. a4 Rxb6 30. axb5 axb5 31. Rhb1 Ra3 32. Rxb5 Rxb5 33. Rxb5 Rb3 34. Rxb3 cxb3 35. Na4 e5 36. Nc5 b5 37. Nxb3 Kd6 38. Kc3 f5 39. Nc1 f4 40. gxf4 1-0